|
|
|
|
| LEADER |
00000cam a2200000 a 4500 |
| 001 |
UCE7097 |
| 003 |
CL-VaPUC |
| 008 |
150529e20030000ag |||||||||||||||||eng|d |
| 020 |
|
|
|a 9789874502308
|
| 082 |
0 |
4 |
|a 791.43
|b ROS
|2 21
|
| 100 |
0 |
|
|a Rosenbaum, Jonathan
|e author
|9 579822
|
| 700 |
0 |
|
|a Saeed-Vafa, Mehrnaz
|e author
|9 579823
|
| 245 |
1 |
0 |
|a Abbas Kiarostami
|
| 250 |
|
|
|a 1a. ed
|
| 300 |
|
|
|a 188 p
|
| 942 |
|
|
|c BK
|
| 945 |
|
|
|d 20150529 15:00:00
|a dcastane
|
| 260 |
|
|
|a Buenos Aires
|b Los Ríos
|c 2003
|
| 650 |
|
0 |
|a Ensayos
|9 268724
|
| 650 |
|
0 |
|a Crítica de cine
|9 267411
|
| 650 |
|
0 |
|a Directores de cine
|9 368705
|
| 583 |
|
|
|a last modification
|c 20150529 15:00:00
|k Rodrigo Vera
|
| 999 |
|
|
|c 359231
|d 359229
|
| 952 |
|
|
|0 0
|1 0
|3 erb
|4 0
|6 791_430000000000000_ROS_2003
|7 0
|8 A
|9 468371
|a BIBART
|b BIBART
|i 5160650
|o 791.43 ROS 2003
|p 5160650
|r 2025-03-13
|w 2019-11-23
|y BK
|z Catalogado en:20150529
|k ART
|